000 00564pam a2200229 a 4500
001 2423581
005 20180115074905.0
008 871201r1988 nyuaf b 001 0 eng
010 _a 87034741
020 _a0684185369
040 _aDLC
_cDLC
_dDLC
041 _aeng
043 _ae-gr---
080 _a938.02 GRA
082 0 0 _a938.02 GRA
_219
100 1 _a45
101 _aARK
245 1 4 _aThe rise of the Greeks /
_cMichael Grant.
504 _aBibliography: p. 361-370.
906 _a7
_bcbc
_corignew
_d1
_eocip
_f19
_gy-gencatlg
942 _2ddc
_cBK
999 _c40289
_d40289